CAM KIRIKLARI (Kayıt no. 1133911)

MARC ayrıntıları
000 -LEADER
sabit uzunluktaki kontrol alanı 00246nam a2200097Ia 4500
001 - KONTROL NUMARASI
kontrol alanı 1133911
005 - EN SON İŞLEMİN TARİH VE ZAMANI
kontrol alanı 20250827005118.0
008 - SABİT-UZUNLUKTA VERİ ÖĞELERİ--GENEL BİLGİ
sabit uzunluktaki kontrol alanı 250824s9999 xx 000 0 und d
245 #0 - ESER / YAZAR
ESER ADI CAM KIRIKLARI
Yazar Adı ERDAL ÇAKICIOĞLU
260 ## - YAYIN, DAĞITIM, VB.
YAYIN EVİ AKVARYUM YAYINLARI
Mevcut
Düşüm durumu Kayıp durumu Hasar Durumu Ödünç verilmez Ana kütüphane Geçerli Kütüphane Edinilen tarih Toplam ödünç verme sayısı Barkod Son görüntüleme tarihi Fiyatın geçerli olmaya başladığı tarih Koha materyal türü
        ŞEHİT OSMAN DEMİR İLKOKULU ŞEHİT OSMAN DEMİR İLKOKULU 24.08.2025   10146108 09.12.2025 27.08.2025 Kitaplar
Gemini Bilgi Teknolojileri A.Ş. tarafından düzenlenmiştir.